Broadway Show by Antonym Quiz Stats

 Plays Quiz not verified by Sporcle

Support Sporcle.
Go Orange.
Score 0/30 Timer 06:00
0 Plays Today
Antonym Show % Correct
Hey Hey EarthwormBye Bye Birdie
83.4%
Les Heureux Les Miserables
81.7%
OwnRent
81.4%
Fall SlumberingSpring Awakening
78.7%
Nothing StaysAnything Goes
74.8%
Goodbye Manly PlaythingHello Dolly
70.8%
BirdsCats
68.8%
Pianist Under The FloorboardsFiddler on the Roof
67.4%
Far Away From StrangeNext To Normal
65.4%
Arkansas GirlsJersey Boys
65.4%
A Very Serious Experience Failed to Occur While Staying in the Roman VillaA Funny Thing Happened On The Way To The Forum
64.8%
Big Landfill of DelightsLittle Shop of Horrors
62.1%
East Bottom Data SheetWest Side Story
61.5%
SkinHair
59.5%
Out of the SuburbsInto the Woods
59.1%
Antonym Show % Correct
A Large Amount of Daytime NoiseA Little Night Music
55.5%
The Silence of StaticThe Sound of Music
54.8%
Andy, Put Away My TiddlywinksAnnie, Get Your Gun
53.5%
Rural IllinoisChicago
53.2%
Sporadically Old-Fashioned Millard Thoroughly Modern Millie
53.2%
ConnecticuttOklahoma
48.8%
A Lead-Role CircleA Chorus Line
46.8%
Miserably They Stand Away FromMerrily We Roll Along
45.2%
Heroic Wicked
42.2%
Dark Alleyway 17Avenue Q
33.6%
Conspicuous Person at the Bluegrass FestivalPhantom of the Opera
28.9%
Throw Out da' Silence Throw Out da' Classical MusicBring in da' Noise Bring in da' Funk
27.9%
EMTsAssassins
13%
A Smooth G-Rated Written DocumentThe Rocky Horror Picture Show
9.3%
ChurchCabaret
7.6%

You're not logged in!

Compare scores with friends on all Sporcle quizzes.
OR
Log In

From the Vault

Word Diamonds III

by Purple_Parrot

Be sharp to cut it at this quiz.
Remove Ads.
Support Sporcle.
Get the best of Sporcle when you Go Orange. This ad-free experience offers more features, more stats, and more fun while also helping to support Sporcle. Thank you for becoming a member.

Show Comments

Extras

Top Quizzes Today


Score Distribution

Your Account Isn't Verified!

In order to create a playlist on Sporcle, you need to verify the email address you used during registration. Go to your Sporcle Settings to finish the process.

Report this User

Report this user for behavior that violates our Community Guidelines.

Details: